00694nam a2200193 4500020001800000082002000018100001400038245005700052250001200109260004500121300001000166650004700176650004000223650004000263650004900303650004700352650005500399650004600454 a9788183990943 a630.715bSUN/MU aV.G,Sunil aMultiple Choice Questions In Agricultural Extension  a6th Ed. aNew DelhibNew Vishal Publicationsc2022 a487p. aAgricultural Extension and Teaching Method aMind Maps in Agricultural Extension aLogical Questions In Farm Extension aExtension Administration Training Management aRural Sociology and Educational Psychology aAgricultural Communication and Technology Transfer aRural Development and EXtension Programme